000 00695nam a2200181Ia 4500
008 090124s9999 xx 000 0 und d
082 _b29490
100 _aतांबोळी लक्ष्मीकांत
245 _a" मी धात्री, मी धरित्री"
250 _a1
260 _bप्रतिमा प्रकाशन
_c1991
300 _a80
600 _aतांबोळी लक्ष्मीकांत
630 _a" मी धात्री, मी धरित्री"
700 _aतांबोळी लक्ष्मीकांत
730 _a" मी धात्री, मी धरित्री"
942 _cBOOK
999 _c94915
_d94915